000 00674cam a2200217 a 4500
001 15385103
005 20180227080431.0
008 080728s2009 enka 001 0 eng
010 _a 2008934074
_z 2008926976
020 _a9781429218139 (hardcover)
040 _aDLC
_cDLC
041 _aeng
080 _a54 PET
082 _a54 PET
100 1 _a12
101 _aKIM
245 1 0 _aElements of physical chemistry /
_cPeter Atkins, Julio de Paula.
906 _a7
_bcbc
_corignew
_d3
_eepcn
_f20
_gy-gencatlg
942 _2ddc
_cBK
999 _c43615
_d43615